Home States of U.S. Presidents - Statistics

General Stats
  • This quiz has been taken 142 times
  • The average score is 15 of 20
Answer Stats
Hint Answer % Correct
Arkansas (1) Clinton
97%
California (3) Hoover | Nixon | Reagan
97%
Delaware (1) Biden
94%
Georgia (1) Carter
91%
Illinois (3) Lincoln | Grant | Obama
91%
Texas (3) L. Johnson | G. H. W. Bush | G. W. Bush
87%
New York (8) Van Buren | Fillmore | Arthur | Cleveland | T. Roosevelt | F. Roosevelt | Nixon | Trump
85%
Massachusetts (4) J. Adams | J. Q. Adams | Coolidge | Kennedy
84%
Virginia (5) Washington | Jefferson | Madison | Monroe | Tyler
84%
Ohio (6) W. H. Harrison | Hayes | Garfield | McKinley | Taft | Harding
78%
Michigan (1) Ford
72%
Florida (1) Trump
70%
Tennessee (3) Jackson | Polk | A. Johnson
66%
Missouri (1) Truman
66%
Kansas (1) Eisenhower
61%
New Jersey (1) Wilson
55%
Indiana (1) B. Harrison
53%
New Hampshire (1) Pierce
52%
Pennsylvania (1) Buchanan
47%
Louisiana (1) Taylor
42%
No matching quizzes found
Score Distribution
Percent of People with Each Score
Percentile by Number Answered
Your Score History
You have not taken this quiz